Prísť do UTI STU sa oplatí - využite túto možnosť aj vy

Saved in:
Bibliographic Details
Main Author: Mikulíková, Lenka
Format: Book Chapter
Language:Slovak
Tags: Add Tag
No Tags, Be the first to tag this record!

MARC

LEADER 00000naa a2200000 4500
001 0143878
005 20240502072558.8
041 0 |a slo 
044 |a SK 
245 1 0 |a Prísť do UTI STU sa oplatí - využite túto možnosť aj vy  |c Lenka Mikulíková 
100 1 |a Mikulíková, Lenka